| 000 | 00837nam a2200265 i 4500 | ||
|---|---|---|---|
| 001 | 33795 | ||
| 003 | BD-RjUL | ||
| 005 | 20211209052048.0 | ||
| 008 | 161212s1979 enka b 001 0 eng | ||
| 020 | _a0043010938 : | ||
| 020 | _a0043010946 (pbk.) | ||
| 035 | _a(BD-RjUL)33886 | ||
| 040 |
_aDLC _cDLC _dDLC _dBD-RjUL _beng |
||
| 041 | _aeng | ||
| 082 | 0 | 0 |
_a301.243 _bMUS 1983 _223 |
| 100 | 1 |
_aMulkay, M. J. _q(Michael Joseph), _d1936- _9102628 |
|
| 245 | 1 | 0 |
_aScience and the sociology of knowledge / _cMichael Mulkay. |
| 260 |
_aLondon ; _aBoston : _bG. Allen & Unwin, _cc1979 [Reprinted 1983]. |
||
| 300 |
_a132 p. : _bill. ; _c22 cm. |
||
| 490 | 0 | _aControversies in sociology ; 8 | |
| 504 | _aBibliography: p. [123]-129 & Includes index. | ||
| 650 | 0 |
_aScience _xSocial aspects. _9102629 |
|
| 942 |
_2ddc _cBK |
||
| 999 |
_c33795 _d33795 |
||